000 00833nam a22002777a 4500
001 9890
003 FISKH
005 20260312102352.0
008 260312b cb ||||| |||| 00| 0 eng d
020 _a9781604724257
040 _aFISKH
_beng
_cFISKH
_dFISKH
050 _aQL568 .F7 .G726
082 _a595.79
100 _aGreve, Meg
_eAuthor
245 _aCan an ant carry me? /
_cMeg Greve
260 _aGuangdong :
_bPower Printing Company ,
_c2008
300 _a12 unnumbered pages :
_bcolor illustrations ;
_c16 cm
505 _aL
520 _aCurious tots will love having many of their questions about ants answered in this fun, fact filled book.
521 8 _a510
_bLexile
521 8 _aL
_bRaz-Plus
650 _aAnimals
_vAnts
650 _aBoard book
_vInsects
942 _2ddc
_cBK
_n0
999 _c9890
_d9890